01544 a2200181 4500020001500000020001800015082001500033100002400048245010600072250001200178260003100190300001000221500001400231520092600245700002201171856008201193856008701275 a038714210X a978038714210404a519.5502851 aBrockwell, Peter J.10aITSM :ban interactive time series modelling package for the sparc workstation /cPeter J. Brockwell. a1st ed. a[S.l.] :bSpringer,c1992. a16 p. aDiskette. aThis book and software package is designed for the analysis of linear time series and the practical modelling and prediction of data collected sequentially in time. It is intended as a supplement to the text, Time Series: Theory and Methods , Second Edition also by Peter Brockwell and Richard Davis. It can also be used in conjunction with most undergraduate and graduate texts in time series analysis. Researchers across a wide range of disciplines such as statistics, business and economics, engineering, and the natural and social sciences will find that this makes an ideal desktop companion to their analysis of time series data. This version is designed to be run on Sun SPARC workstations and comes with the Sun graphics package GKTM. Distinctive features of the package include an easy to use menu system and it is designed to be accessible to those with little or no previous experience in time series analysis.1 aDavis, Richard A.403Amazon.comuhttp://www.amazon.com/exec/obidos/ASIN/038714210X/chopaconline-20403Amazon customer reviewsuhttp://www.chopac.org/cgi-bin/tools/azrev.pl?q=038714210X